Loreto College Library, Kolkata
WEBOPAC (ONLINE PUBLIC ACCESS CATALOGUE)

Database systems (Record no. 17992)

MARC details
000 -LEADER
fixed length control field 00602nam a2200193Ia 4500
008 - FIXED-LENGTH DATA ELEMENTS--GENERAL INFORMATION
fixed length control field 131103s9999 xx 000 0 und d
020 ## - ISBN | অাই এস বি এন
ISBN | অাই এস বি এন 8177585673
PRICE Rs 385.00
040 ## - CATALOGING SOURCE
Original cataloging agency Loreto College
041 ## - LANGUAGE CODE
Language code English
082 ## - DDC | ডিউই
Classification number | বর্গসংখ্যা 005.74/SIN
Book Number | গ্রন্থাঙ্ক LCLIB/46030,47606,48027,48028
100 ## - MAIN ENTRY--PERSONAL NAME | মুখ্য সংলেখ - ব্যাক্তিনাম
Personal name | ব্যাক্তিনাম Singh, S.K.
245 ## - TITLE STATEMENT | অাখ্যা বিবরণী
Title | অাখ্যা Database systems
Sub title | উপঅাখ্যা Concepts, design and applications
Statement of responsibility | লেখকের দায়িত্বের বিবরণ S.K. Singh
260 ## - IMPRINT | প্রকাশনা ক্ষেত্র
Place of publication | প্রকাশ স্থান New Delhi
Name of publisher | প্রকাশকের নাম Pearson Education
Date of publication | প্রকাশ কাল 2006
300 ## - PHYSICAL DESCRIPTION |
Page / Vol. No | পৃষ্ঠা / খন্ড সংখ্যা xxvi,867p
504 ## - BIBLIOGRAPHY, ETC. NOTE
Bibliography, etc Includes bibliographical references and index
650 ## - SUBJECT ADDED ENTRY--TOPICAL TERM | বিষয় শিরোনাম - মূল বিষয়
Topical term | মূল বিষয় Database Systems
850 ## - HOLDING INSTITUTION
Holding institution LCLIB/005.74/SIN
942 ## - ADDED ENTRY ELEMENTS (KOHA)
Koha item type Books
Holdings
Withdrawn status Lost status Damaged status Not for loan Home library Current library Date acquired Total Checkouts Full call number Accession No. Date last seen Price effective from Koha item type
        Loreto College Loreto College 04/11/2013   005.74/SIN LCLIB/46030,47606,48027,48028 B18471 04/11/2013 04/11/2013 Books
        Loreto College Loreto College 04/11/2013   005.74/SIN LCLIB/46030,47606,48027,48028 B39090 04/11/2013 04/11/2013 Books
        Loreto College Loreto College 04/11/2013   005.74/SIN LCLIB/46030,47606,48027,48028 B39439 04/11/2013 04/11/2013 Books
        Loreto College Loreto College 04/11/2013   005.74/SIN LCLIB/46030,47606,48027,48028 B39440 04/11/2013 04/11/2013 Books